Minecraft Quiz #4 - Komendy - Statystyki

Ogólne statystyki
  • Ten quiz został rozwiązany 532 razy
  • Średni wynik to 7 z 11
Statystyki odpowiedzi
Podpowiedź Komenda % Poprawnych
Robienie dnia /time set day
97%
Robienie Nocy /time set night
91%
Komenda która daje nam przedmioty /give
88%
Komenda dzięki której możemy zmieniać tryb gry /gamemode
81%
Szuka struktur /locate
68%
Teleportacja ciebie na kordynaty 1 0 1 /tp 1 0 1
66%
Komenda która pozwala ustawić blok na danej pozycji /setblock
56%
włącza debugowanie /debug
54%
ustawia poziom trudności gry /difficulty
54%
Wyświetlanie Tekstu na monitorze dla wszystkich /title @a
9%
Komenda dzięki której dostaniemy barriera dla gracza XD /give XD barrier
8%
Nie znaleziono quizów pasujących do podanych kryteriów
Rozkład punktacji
Procent ludzi z każdym wynikiem
Percentyl według liczby udzielonych odpowiedzi
Twoja historia wyników
Nie rozwiązałeś tego quizu